000 00643nam a2200277Ia 4500
005 20260324121025.0
008 008 260324s9999 xx 000 0 eng d
020 _a9781315262116
037 _aEBOOK
040 _aCRL
040 _beng
040 _cCRL
041 _2eng
041 _aeng
084 _qCRL
100 _aKhadija von Zinnenburg Carroll
_9873617
245 0 _aArt in the Time of Colony
260 _bTaylor and Francis
260 _c2014
365 _a
365 _b255
856 _uhttp://www.taylorfrancis.com/books/9781315262116
942 _cEBOOK
999 _c1752735
_d1752735